00672nam a2200193Ia 4500003000900000008004100009040001600050080001600066100002900082245009500111260003300206300001500239650004100254650002100295650002000316942000700336999001500343952012000358IN-BaIIA211028s9999 xx 000 0 eng d cIIA Library a521.13bOGO aOgorodnikov, K. F.96128 0aDynamics of stellar systemscK. F. Ogorodnikov  aOxfordbPergamon Pressc1965 axii, 359p. aAstronomy and astrophysics thesaurus aStellar dynamics aStellar motions cBK c3463d3463 00104070aBANbBANcGENd1970-04-21g104.40l0o521.13/ OGOp3857r2021-11-05v104.40w1970-04-21yBKGRs. 104.40